Tecnología industrial II
Uloženo v:
| Hlavní autoři: | , , , , , , |
|---|---|
| Médium: | Kniha |
| Jazyk: | španělština |
| Vydáno: |
Madrid
Mc Graw Hill
1996
|
| Témata: | |
| Tagy: |
Přidat tag
Žádné tagy, Buďte první, kdo vytvoří štítek k tomuto záznamu!
|
MARC
| LEADER | 00000nam a2200000 a 4500 | ||
|---|---|---|---|
| 001 | UCP3276 | ||
| 003 | CL-VaPUC | ||
| 008 | 990618e19960000SP |||||||||||||||||spa|d | ||
| 082 | 0 | 4 | |a 620.1 |b SIL |2 21 |
| 100 | 0 | |a Silva Rodríguez, Francisco |e author |9 494200 | |
| 700 | 0 | |a Sanz Aragonés, José Emilio |e author |9 494201 | |
| 700 | 0 | |a Val Blasco, Sonia |e author |9 494202 | |
| 700 | 0 | |a Huertas Talón, José Luis |e author |9 494203 | |
| 700 | 0 | |a Ibáñez Belle, Jesús |e author |9 494204 | |
| 700 | 0 | |a González Esteras, José Antonio |e author |9 494205 | |
| 700 | 0 | |a Torres Leza, Fernando |e author |9 494206 | |
| 245 | 1 | 0 | |a Tecnología industrial II |
| 300 | |a v | ||
| 942 | |c BK | ||
| 945 | |d 19990618 00:00:00 |a rbrito | ||
| 260 | |a Madrid |b Mc Graw Hill |c 1996 | ||
| 650 | 0 | |a Recursos energéticos |9 263206 | |
| 650 | 0 | |a Materiales |9 260800 | |
| 650 | 0 | |a Metales |9 260686 | |
| 650 | 0 | |a Madera |9 262357 | |
| 650 | 0 | |a Plásticos |9 267415 | |
| 650 | 7 | |a FIBRAS TEXTILES |2 CL-VaPUC |9 492196 | |
| 650 | 7 | |a ELEMENTOS DE MAQUINAS |2 CL-VaPUC |9 494207 | |
| 650 | 0 | |a Circuitos |9 263339 | |
| 650 | 0 | |a Sistemas de control |9 263596 | |
| 583 | |a last modification |c 19990618 00:00:00 |k Rodrigo Vera | ||
| 999 | |c 313966 |d 313964 | ||